| 000 | 00466nam a2200169 a 4500 | ||
|---|---|---|---|
| 001 | 22751 | ||
| 003 | SK-KTurca | ||
| 005 | 20260422163513.0 | ||
| 008 | 000101s1979 xx und c | ||
| 035 | _aUKB000276857 | ||
| 040 |
_aBAA001 _bslo _cBAA001 _eAACR2 |
||
| 100 | 1 | _aCapranica, Luigi | |
| 245 | 0 | 0 | _aVodca čiernych bánd. historický príbeh zo XVI.storočia |
| 260 |
_aBratislava _bSlovenský spisovateľ _c1979 |
||
| 300 | _a515 s | ||
| 942 |
_2ddc _cKLDO _n0 |
||
| 999 |
_c22751 _d22751 |
||